Handbook of energy efficiency in building (Record no. 116295)

MARC details
000 -LEADER
fixed length control field 01256cam a22002655a 4500
001 - CONTROL NUMBER
control field L160244
008 - FIXED-LENGTH DATA ELEMENTS--GENERAL INFORMATION
fixed length control field 190524s2019 xxk f 000 0 eng d
020 ## - INTERNATIONAL STANDARD BOOK NUMBER
International Standard Book Number 9780128128176
035 ## - SYSTEM CONTROL NUMBER
System control number (Sirsi) u160244
041 0# - LANGUAGE CODE
Language code of text/sound track or separate title eng
100 1# - MAIN ENTRY--PERSONAL NAME
Personal name Asdrubali, Francesco
245 00 - TITLE STATEMENT
Title Handbook of energy efficiency in building
Remainder of title A lifecycle approach
Medium [electronic resource]
260 ## - PUBLICATION, DISTRIBUTION, ETC.
Place of publication, distribution, etc. Oxford
Name of publisher, distributor, etc. Butterman-Heinemann
Date of publication, distribution, etc. 2019
520 ## - SUMMARY, ETC.
Summary, etc. Looks at energy efficiency in buildings from a life cycle approach. Outlines national and international standards and considers rating systems for measuring zero energy and efficient buildings. Discusses life cycle costing of building components and materials and entire buildings and a range of simulation tools for energy modelling. Concludes with building building automation for enhancing energy efficnency and addressing energy efficecncy measures in building renovation.
521 ## - TARGET AUDIENCE NOTE
Target audience note Advanced
590 ## - LOCAL NOTE (RLIN)
Local note NTK
650 24 - SUBJECT ADDED ENTRY--TOPICAL TERM
Topical term or geographic name entry element ENERGY EFFICIENCY
650 24 - SUBJECT ADDED ENTRY--TOPICAL TERM
Topical term or geographic name entry element LIFE CYCLE COSTING
650 24 - SUBJECT ADDED ENTRY--TOPICAL TERM
Topical term or geographic name entry element EBOOK
651 #4 - SUBJECT ADDED ENTRY--GEOGRAPHIC NAME
Geographic name International
690 ## - LOCAL SUBJECT ADDED ENTRY--TOPICAL TERM (OCLC, RLIN)
Topical term or geographic name as entry element Energy
9 (RLIN) 6237
700 1# - ADDED ENTRY--PERSONAL NAME
Personal name Desideri, Umberto
856 40 - ELECTRONIC LOCATION AND ACCESS
Uniform Resource Identifier <a href="https://www.vlebooks.com/">https://www.vlebooks.com/</a>
Public note View on VLEbooks. Logins for members only from [email protected]
942 ## - ADDED ENTRY ELEMENTS (KOHA)
Suppress in OPAC 0
Source of classification or shelving scheme Dewey Decimal Classification
Holdings
Withdrawn status Lost status Source of classification or shelving scheme Damaged status Not for loan Home library Current library Shelving location Date acquired Total Checkouts Full call number Barcode Date last seen Copy number Price effective from Koha item type
    Dewey Decimal Classification     London London Books 24/05/2019   Ebook 160244-1001 23/03/2023 1 06/08/2019 Book